Histoire, Géographie, Education civique
Gespeichert in:
| Hauptverfasser: | , |
|---|---|
| Format: | Buch |
| Sprache: | Französisch |
| Veröffentlicht: |
París
Vulbert
2001
|
| Schriftenreihe: | Annales Brevet 2002, 7
|
| Schlagworte: | |
| Tags: |
Tag hinzufügen
Keine Tags, Fügen Sie den ersten Tag hinzu!
|
MARC
| LEADER | 00000nam a2200000 a 4500 | ||
|---|---|---|---|
| 001 | UCL5245 | ||
| 003 | CL-VaPUC | ||
| 008 | 040305e20010000FR |||||||||||||||||fre|d | ||
| 020 | |a 2711763064 | ||
| 082 | 0 | 4 | |a 900.712 |b BER |2 21 |
| 100 | 0 | |a Bertrand, Judith |e author |9 482980 | |
| 700 | 0 | |a Dumont, Guillaume |e author |9 482981 | |
| 245 | 1 | 0 | |a Histoire, Géographie, Education civique |
| 300 | |a 223 p | ||
| 942 | |c BK | ||
| 945 | |d 20040305 00:00:00 |a cmena | ||
| 260 | |a París |b Vulbert |c 2001 | ||
| 650 | 0 | |a Enseñanza de la historia |9 307330 | |
| 650 | 0 | |a Educación cívica |9 314665 | |
| 650 | 0 | |a Historia de Francia |9 336927 | |
| 583 | |a last modification |c 20040305 00:00:00 |k Rodrigo Vera | ||
| 490 | 0 | |a Annales Brevet 2002, 7 | |
| 999 | |c 307890 |d 307888 | ||
| 952 | |0 0 |1 0 |4 0 |6 900_712000000000000_BER_2001 |7 0 |8 A |9 374048 |a BIBHIS |b BIBHIS |d 2019-11-21 |i 3868591 |o 900.712 BER 2001 |p 3868591 |r 2025-01-20 |w 2019-11-21 |y BK |k HIS | ||